000 00433ntaaa2200181 4500
003 01
005 20251027201632.0
008 0714s1973 ag 01
040 _aAR-BaBN
_bspa
_cAR-BaBN
_eaacr
_dRIC
082 _a232.0000 B23
100 _aBarbieri, Sante U
_915086
245 _aLa supereminencia de Jesús
250 _a1 ed.
260 _aBuenos Aires :
_bAurora,
_c1948
300 _a55 p
650 _aJesucristo
942 _cBK
999 _c11049
_d11049